LOS EMPRESARIOS Y EL CAMBIO POLITICO MEXICO, 1970-1987/
Guardado en:
| Hovedforfatter: | |
|---|---|
| Format: | Bog |
| Serier: | PROBLEMAS DE MEXICO
|
| Fag: | |
| Tags: |
Ingen Tags, Vær først til at tagge denne postø!
|
MARC
| LEADER | 00000nam^a2200000^a^4500 | ||
|---|---|---|---|
| 001 | 000224300 | ||
| 005 | 20250521000000.0 | ||
| 009 | 20260310104044.806 | ||
| 020 | |a 968-411-339-0 | ||
| 035 | |a 043374 | ||
| 037 | |a Acervo Xavier Clavigero | ||
| 082 | |a 338. 04 LUN | ||
| 100 | |a Luna, Matilde |e (autor) | ||
| 245 | 1 | 4 | |a LOS EMPRESARIOS Y EL CAMBIO POLITICO MEXICO, 1970-1987/ |c MATILDE LUNA LEDESMA |
| 264 | |a MEXICO : |b ERA, INSTITUTO DE INVESTIGACIONES SOCIALES, UNAM, |c 1992 | ||
| 300 | |a 132p. | ||
| 336 | |a texto |b txt |2 rdacontenido | ||
| 337 | |a sin mediación |b n |2 rdamedio | ||
| 338 | |a volumen |b nc |2 rdasoporte | ||
| 440 | |a PROBLEMAS DE MEXICO | ||
| 649 | |a XX | ||
| 650 | |a Empresarios | ||
| 650 | |a Política Industrial | ||
| 910 | |a Fondo General | ||
| 920 | |a Impresos - Libros | ||
| 930 | |a Colección General | ||
| 905 | |a 101 | ||
| 901 | |a 043374 |b IT1 |c ACC |i 043374 |u 20250521 | ||
| 902 | |a https://opac.biblio.iteso.mx/vufind/Record/000224300 | ||